Signal & Systems (Record no. 23283)
[ view plain ]
| 000 -LEADER | |
|---|---|
| fixed length control field | 00232nam a22001097a 4500 |
| 082 ## - DEWEY DECIMAL CLASSIFICATION NUMBER | |
| Classification number | 621.38OPP |
| 100 ## - MAIN ENTRY--PERSONAL NAME | |
| Personal name | Oppenheim,Allan V |
| 245 ## - TITLE STATEMENT | |
| Title | Signal & Systems |
| 250 ## - EDITION STATEMENT | |
| Edition statement | 2nd Ed |
| 260 ## - PUBLICATION, DISTRIBUTION, ETC. | |
| Place of publication, distribution, etc. | India |
| Name of publisher, distributor, etc. | Pratice-Hall |
| Date of publication, distribution, etc. | 1997 |
| 942 ## - ADDED ENTRY ELEMENTS (KOHA) | |
| Koha item type | Book |
| Withdrawn status | Lost status | Damaged status | Not for loan | Permanent Location | Current Location | Shelving location | Date acquired | Source of acquisition | Cost, normal purchase price | Total Checkouts | Full call number | Barcode | Date last seen | Date last checked out | Price effective from | Koha item type |
|---|---|---|---|---|---|---|---|---|---|---|---|---|---|---|---|---|
| School of Interdisciplinary Engineering and Sciences (SINES) | School of Interdisciplinary Engineering and Sciences (SINES) | General Stacks | 03/07/2013 | Purchase | 419.49 | 2 | 621.38OPP | RCMS000033 | 03/01/2018 | 02/23/2018 | 01/05/2017 | Book |
